Przygraniczne województwa - nagła śmierć - Statystyki

Ogólne statystyki
  • Ten quiz został rozwiązany 118 razy
  • Średni wynik to 9 z 11
Answers on the Grid
Answers color-coded by a green-red scale on the quiz's grid according to % correct below.
Dolnośląskie
Kujawsko-pomorskie
Łódzkie
Lubelskie
Lubuskie
Małopolskie
Mazowieckie
Opolskie
Podkarpackie
Podlaskie
Pomorskie
Śląskie
Świętokrzyskie
Warmińsko-mazurskie
Wielkopolskie
Zachodniopomorskie
 
Statystyki odpowiedzi
Odpowiedź % Poprawnych
Dolnośląskie
89%
Śląskie
86%
Zachodniopomorskie
86%
Lubelskie
85%
Podkarpackie
81%
Podlaskie
79%
Lubuskie
78%
Warmińsko-mazurskie
78%
Opolskie
75%
Małopolskie
74%
Pomorskie
63%
Nie znaleziono quizów pasujących do podanych kryteriów
Rozkład punktacji
Procent ludzi z każdym wynikiem
Percentyl według liczby udzielonych odpowiedzi
Twoja historia wyników
Nie rozwiązałeś tego quizu